|
|
|
|
| LEADER |
00000nam a2200000Ii 4500 |
| 001 |
DIGANBSCH0024 |
| 003 |
NyNyDIG |
| 006 |
m o d |
| 007 |
cr ||||||||||| |
| 008 |
240103s2019 sp o 000 0 spa d |
| 035 |
|
|
|a (OCoLC)1402890374
|
| 040 |
|
|
|a DGITA
|b eng
|e rda
|e pn
|c DGITA
|
| 020 |
|
|
|a 9788494886096
|q eBook
|
| 020 |
|
|
|z 9788494886089
|
| 041 |
1 |
|
|a spa
|h eng
|
| 050 |
1 |
4 |
|a R520.C32 ebook
|
| 082 |
0 |
4 |
|a 610.924
|2 23
|
| 100 |
1 |
|
|a Brooks, Michael,
|d 1970-
|e author.
|
| 240 |
1 |
0 |
|a Quantum astrologer's.
|l Spanish
|s (Soler Chic)
|
| 245 |
1 |
3 |
|a El manual del astrólogo cuántico /
|c Michael Brooks ; traducción de Joan Soler Chic.
|
| 264 |
|
1 |
|a Barcelona :
|b Antoni Bosch editor,
|c [2019]
|
| 300 |
|
|
|a 1 online resource.
|
| 336 |
|
|
|a text
|b txt
|2 rdacontent
|
| 337 |
|
|
|a computer
|b c
|2 rdamedia
|
| 338 |
|
|
|a online resource
|b cr
|2 rdacarrier
|
| 347 |
|
|
|a text file
|2 rdaft
|
| 347 |
|
|
|b EPUB
|
| 588 |
0 |
|
|a Online resource; title from ePub title page (Digitalia, viewed January 3, 2024)
|
| 600 |
1 |
0 |
|a Cardano, Girolamo,
|d 1501-1576.
|
| 650 |
|
0 |
|a Quantum theory.
|
| 700 |
1 |
|
|a Soler Chic, Joan,
|e translator.
|
| 700 |
1 |
|
|i Translation of:
|a Brooks, Michael,
|d 1970-
|t Quantum astrologer's.
|
| 791 |
2 |
|
|a Digitalia (Firm),
|e distributor.
|
| 793 |
0 |
|
|g Digitalia eBook Collection:
|a Antoni Bosch Editor
|
| 776 |
0 |
8 |
|i Print version:
|a Brooks, Michael, 1970-
|s Quantum astrologer's. Spanish (Soler Chic).
|t Manual del astrólogo cuántico.
|d Barcelona : Antoni Bosch editor, [2019]
|z 9788494886089
|
| 856 |
4 |
0 |
|3 Digitalia Hispánica
|u https://www.digitaliapublishing.com/a/97280/
|
| 910 |
|
|
|a Premium collection: 2024
|